00286pab a2200121 454500008004000000100001700040245002700057260000900084300001300093362001100106650001300117773003400130180718b2017 xxu||||| |||| 00| 0 eng d aMenon, Meena aNo country for Afghans c2017 ap.23-27. a15 Apr aRefugees aEconomic and Political Weekly